Normal view
MARC view
Entry Topical Term
001 - CONTROL NUMBER
- control field: 11462
003 - CONTROL NUMBER IDENTIFIER
- control field: ARRUPE
005 - DATE AND TIME OF LATEST TRANSACTION
- control field: 20140923111700.0
008 - FIXED-LENGTH DATA ELEMENTS
- fixed length control field: 140923|| aca||aabn | a|a d
040 ## - CATALOGING SOURCE
- Original cataloging agency: ARRUPE
- Transcribing agency: ARRUPE
150 ## - HEADING--TOPICAL TERM
- Topical term or geographic name as entry element: Power (Social sciences)
670 ## - SOURCE DATA FOUND
- Source citation: Work cat.: (ARRUPE)0: Radcliffe, Cyril John Radcliffe, Viscount, 1899-1977. 11461, The problem of power., 1952.